Quelle-est cette boisson alcoolisée ? n°1 - Statistiques

Statistiques générales
  • Ce quiz a été pris 1 169 fois
  • Le résultat moyen est 8 sur 15
Statistiques - réponses
Indice Boisson % Correct
D'après Michel Bouvier, "l'homme l'a créé il y a bien longtemps et il a été si fier de son invention qu'il en a fait non seulement une partie importante de son alimentation, mais qu'il l'a intégré dans sa religion, ses traditions, ses plaisirs et même sa culture" Vin
90%
Il est au riz ce que la bière est à l'orge Saké
81%
Un usage populaire l'associe au sel et au citron vert Tequila
72%
Il doit son parfum aux baies du genévrier Gin
60%
A la fin du XVIIème siècle, ses prétendues vertus médicinales en firent un composant obligatoire des rations à bord des navires. Un stéréotype l'associe depuis aux marins Rhum
57%
Liqueur italienne acidulée servie glacée Limoncello
56%
Cocktail à base de bourgogne et de crème de cassis Kir
51%
L'une des plus anciennes boisson alcoolisées, prétendument divin ou magique, son nom signifie littéralement "eau et miel" Hydromel
47%
Le seul alcool qui porte le nom d'un département français Calvados
42%
Ce digestif charentais est appelé "Brandy" en anglais Cognac
39%
A la saveur d'amande amère, on l'utilise parfois pour aromatiser le tiramisu Amaretto
36%
Ernest Hemigway appréciait beaucoup ce cocktail cubain Mojito
36%
Liqueur commerciale, ingrédient incontournable de la crêpe flambée Grand Marnier
31%
Rien de moins que 130 plantes différentes entrent dans sa composition Chartreuse
28%
Marque commerciale de liqueur de gentiane réputée pour son amertume Suze
26%
Aucun quiz correspondant
Distribution des résultats
% des personnes avec chaque résultat
Percentile par nombre de réponses
Votre historique - résultats
Vous n’avez pas pris ce quiz